|
|
|
|
| LEADER |
00608nas a2200133 i 4500 |
| 001 |
misc58267 |
| 005 |
20210705110810.0 |
| 008 |
210705s1921 hu n o 0|| zxx d |
| 040 |
|
|
|a SZTE Miscellanea Repozitórium
|b hun
|
| 041 |
|
|
|a zxx
|
| 245 |
0 |
0 |
|a Ipar és kereskedelem. - 2.évf. (1921) 2. sz.
|h [elektronikus dokumentum]
|
| 260 |
|
|
|c 1921
|
| 490 |
0 |
|
|a Ipar és kereskedelem : iparosok, kereskedők, mezőgazdák és rokonszakmát űzök heti közlönye a „Baross Szövetség” szegedi fiókjának hivatalos lapja
|v 2 No. 2
|
| 856 |
4 |
0 |
|u http://misc.bibl.u-szeged.hu/58267/1/ipar_es_kereskedelem_02_02.pdf
|z Dokumentum-elérés
|